000 00619nam a22001937a 4500
005 20100811111013.0
010 _aENG-99525
020 _a9788189524487
_c50.00
035 _aEN-83057
037 _bDBAD/PUB
082 _a921
245 _aAmbedkar on nation and nationalism /
260 _aNew Delhi
_bCritical Quest
_c2009
270 _a420, G-Block, Phase VI, Aya Nagar
_bNew Delhi
_e110047
300 _a72p.
_c22cm (pbk)
700 _aAloysius, G.
_910615
942 _2ddc
_cEN
_h921
_mAMB
999 _c40856
_d40856